Κατάλογος Βιβλιοθηκών Mediterranean College

Οδηγός Γονέα (Record no. 6369)

MARC details
000 -LEADER
fixed length control field 01175cam a22001814a 4500
005 - ΗΜΕΡΟΜΗΝΙΑ ΚΑΙ ΩΡΑ ΤΕΛΕΥΤΑΙΑΣ ΕΝΗΜΕΡΩΣΗΣ
Πεδίο ελέγχου 20250605163533.0
008 - FIXED-LENGTH DATA ELEMENTS--GENERAL INFORMATION
Πεδίο ελέγχου σταθερού μήκους 250528s ||||||||||||||||||||||||d
035 ## - SYSTEM CONTROL NUMBER
System control number 21304
020 ## - ISBN
ISBN 9789609851107
040 ## - ΠΗΓΗ ΚΑΤΑΛΟΓΟΓΡΑΦΗΣΗΣ
Φορέας πρωτότυπης καταλογογράφησης MC Athens Campus Library
Γλώσσα καταλογογράφησης Ελληνικά, Μοντέρνα (1453-)
Modifying agency MC Athens Campus Library
Κανόνες περιγραφικής καταλογογράφησης AACR2
245 1# - ΤΙΤΛΟΣ ΚΑΙ ΔΗΛΩΣΗ ΥΠΕΥΘΥΝΟΤΗΤΑΣ
Τίτλος Οδηγός Γονέα
260 ## - PUBLICATION, DISTRIBUTION, ETC.
Name of publisher, distributor, etc. Υπουργείο Ενικής Παιδείας Και Θρησκευμάτων,
Date of publication, distribution, etc. 2011
300 ## - PHYSICAL DESCRIPTION
Extent 128
520 ## - SUMMARY, ETC.
Summary, etc. Εισαγωγικό Σημείωμα, Οι Πρώτες Σκέψεις γύρω από το Νηπιαγωγείο - Τα Ερωτήματα των Γονέων, Προτεραιότητα στην Υγεία και στην Ασφάλεια, Το Παιχνίδι είναι η Βασική Εργασία των Παιδιών, Τι Μαθαίνουν τα Μικρά Παιδιά στο Νηπιαγωγείο, Πώς Μπορούμε να Βοηθήσουμε τα Παιδιά;, Η Συνεργασία των Γονέων με τους Εκπαιδευτικούς, Η Μετάβαση του Παιδιού στο Δημοτικό Σχολείο, Παράρτημα, Πηγές.
942 ## - ADDED ENTRY ELEMENTS (KOHA)
Koha item type Books
Holdings
Τύπος τεκμηρίου Βιβλιοθήκη Τρέχουσα τοποθεσία Barcode Αριθμός εισαγωγής Ημερομηνία απόκτησης Ταξιθετικό σύμβολο Αριθμός αντιτύπου Κατάσταση απόσυρσης Κατάσταση χαμένου Κατάσταση κατεστραμμένου Μη δανεισμός Σύνολο δανεισμών Ημερομηνία τελευταίας εμφάνισης Η τιμή ισχύει από
Books MC Athens Campus Library MC Athens Campus Library 9780000063687 5451 05/06/2025 REF 370.732/62 BRI 1           05/06/2025 05/06/2025

MC Athens Campus Library
Πατησίων 94 & Κοδριγκτώνος 13, 104 34
Πελλήνης 8 & Πατησίων 107, 112 51
Τ: +30 210 8899600

MC Thessaloniki Campus Library
Ίωνος Δραγούμη 21, 54625 | Ίωνος Δραγούμη 15, 54625
Τ: +30 2310 287779 – Τ: +30 2314 440300